000 04673njm a2200757Ia 4500
001 23808
003 IT-RoPAU
005 20220918181122.0
008 131025s9999 xx 000 0 und d
040 _aIT-RoPAU
040 _cIT-RoPAU
041 _aITALIANO
999 _c99900
_d99900
999 _bn.d.
100 _aAA.VV.
_9794
100 _eAutore musica
_96072
100 _gCodice autore musica SPICS: 12000
_9796
245 _aCanzoniere 50-Quei favolosi anni del "boom" (Lp Ski 5067)
250 _a1a ed.
260 _aITALIA
260 _bK - TEL INTERNATIONAL
_c1981 [1a Ed.:1981 - Ed. Lingua Orig.: 1954]
300 _aDISCO
300 _c46 minuti (Testo: pag.)
500 _aCanzone italiana anni '50 le quattordici canzoni più belle del 1954
505 _aCanzone da due soldi (4:00) - E la barca tornò sola (4:00) - O' cangaceiro (Mulher Rendeira) dal film omonimo (4:00) - Ufemia (3:00) - Souvenir d'Italie dalla rivista "Tutte donne meno io" (3:00) - Tell me Why (4:00) - La strada dal film omonimo (4:00) - Scapricciatiello (4:00) - Johnny Guitar dal film omonimo (3:00) - Fontana di Trevi dal film "Tre soldi nella fontana" (4:00) - Aveva un bavero (4:00) - Le Grisbi dal film omonimo (4:00) - La donna riccia (3:00) - Tutte le mamme (4:00)
511 _aRanieri Katyna
511 _aLatilla Gino
511 _aSandon's Flo
511 _aRosettani Bruno
511 _aPizzi Nilla
511 _aVan Wood Peter
511 _aSavina Carlo
511 _aFierro Aurelio
511 _aQuartetto Cetra (Il)
511 _aBacilieri Paolo
511 _aModugno Domenico
650 _aCANZONE ITALIAN [DISCHI]
_eCodice MATERIA SPICS: 9950
_96073
700 _aPinchi (Pinci) (Perotti Pino)
_dCodice autore musica SPICS: 13615
_eAutore musica
_pCanzone da due soldi
_96074
700 _aDonida Carlo
_dCodice autore testo/musica SPICS: 13649
_eAutore testo/musica
_pCanzone da due soldi
_96075
700 _aRuccione Mario
_dCodice autore musica SPICS: 13479
_eAutore musica
_pE la barca tornò sola
_96076
700 _aFiorelli Giuseppe
_dCodice autore testo/musica SPICS: 13362
_eAutore testo/musica
_pE la barca tornò sola
_96077
700 _aNascimento Milton
_dCodice autore testo/musica SPICS: 15502
_eAutore testo/musica
_pO' cangaceiro
_96078
700 _aPoletto Enzo
_dCodice autore musica SPICS: 13595
_eAutore musica
_pUfemia
_96079
700 _aMendes Peppino
_dCodice autore SPICS: 13135
_eAutore
_pUfemia
_96080
700 _aFuentes
_dCodice autore testo/musica SPICS: 14201
_eAutore testo/musica
_pUfemia
_96081
700 _aLuttazzi Lelio
_dCodice autore musica SPICS: 13480
_eAutore musica
_pSouvenir d'Italie
_96082
700 _aTarabusi Renzo
_dCodice autore SPICS: 855
_eAutore
_pSouvenir d'Italie
_96083
700 _aScarnicci Giulio
_dCodice autore testo/musica SPICS: 1533
_eAutore testo/musica
_pSouvenir d'Italie
_96084
700 _aGold Ernest
_dCodice autore musica SPICS: 10926
_eAutore musica
_pTell me Why
_96085
700 _aAlberts
_dCodice autore testo/musica SPICS: 18018
_eAutore testo/musica
_pTell me Why
_96086
700 _aRota Nino
_dCodice autore testo/musica SPICS: 11128
_eAutore testo/musica
_pLa strada
_96087
700 _aAlbano Ferdinando
_dCodice autore musica SPICS: 13631
_eAutore musica
_pScapricciatiello
_96088
700 _aVento Pacifico
_dCodice autore testo/musica SPICS: 13630
_eAutore testo/musica
_pScapricciatiello
_96089
700 _aYoung Victor
_dCodice autore musica SPICS: 11205
_eAutore musica
_pJohnny Guitar
_96090
700 _aLee George E.
_dCodice autore testo/musica SPICS: 16396
_eAutore testo/musica
_pJohnny Guitar
_96091
700 _aDevilli (Curci Alberto)
_dCodice autore musica SPICS: 13392
_eAutore musica
_pFontana di Trevi
_96092
700 _aStyne Jules
_dCodice autore SPICS: 11167
_eAutore
_pFontana di Trevi
_96093
700 _aCahn
_dCodice autore testo/musica SPICS: 20244
_eAutore testo/musica
_pFontana di Trevi
_96094
700 _aRipa Virgilio
_dCodice autore musica SPICS: 13647
_eAutore musica
_pAveva un bavero
_96095
700 _aPanzeri Mario
_dCodice autore testo/musica SPICS: 13372
_eAutore testo/musica
_pAveva un bavero
_96096
700 _aGioia Caterina
_dCodice autore musica SPICS: 6049
_eAutore musica
_pLe Grisbi
_96097
700 _aTestoni Giancarlo
_dCodice autore SPICS: 13524
_eAutore
_pLe Grisbi
_96098
700 _aModugno Domenico
_dCodice autore testo/musica SPICS: 12142
_eAutore testo/musica
_pLa donna riccia
_96099
700 _aFalcocchio Edoardo
_dCodice autore musica SPICS: 13560
_eAutore musica
_pTutte le mamme
_96100
700 _aBertini Umberto
_dCodice autore testo/musica SPICS: 13511
_eAutore testo/musica
_pTutte le mamme
_96101
942 _cMD
_2ddc